| 000 | 00842nmc a2200313 a 4500 | ||
|---|---|---|---|
| 003 | AR-BaBNM | ||
| 005 | 20251128205732.0 | ||
| 008 | 078019s1989 ||||||||||||||000 | spa|| | ||
| 020 | _a950-02-3608-7 | ||
| 040 | _cAR-BaBNM | ||
| 100 | 1 | _aLevi, Maurice | |
| 245 | 1 | 0 | _aLa economÃa al alcance de todos |
| 260 |
_aBuenos Aires _bEl Ateneo _c1989 |
||
| 300 | 1 | _axi, 159 p. | |
| 490 | 0 | _aTemas de economÃa | |
| 650 | 4 | _aECONOMIA | |
| 650 | 4 | _aTEORIA ECONOMICA | |
| 650 | 4 | _aPOLITICA ECONOMICA | |
| 650 | 4 | _aPRECIOS | |
| 650 | 4 | _aOFERTA Y DEMANDA | |
| 650 | 4 | _aMERCADOS FINANCIEROS | |
| 650 | 4 | _aDISTRIBUCION DE INGRESOS | |
| 650 | 4 | _aCRECIMIENTO ECONOMICO | |
| 650 | 4 | _aSALARIOS | |
| 650 | 4 | _aSISTEMAS ECONOMICOS INTERNACIONALES | |
| 700 | 1 |
_aCapmany de Frasch, Roxana M. _etraductor |
|
| 942 | _cBK | ||
| 998 | _cMariana | ||
| 999 |
_c12614 _d12614 |
||